000 00586nam a2200217 a 4500
001 BRCA_5970
005 20190320205300.0
008 250311c1894----sp-a######---#000-0#spa-#
041 _aspa
044 _asp
050 4 _aNK7162
_b.L44 1894
100 1 _aLeguina, Enrique de
_915074
245 1 0 _aArte antiguo
_bla plata española
_cEnrique de Leguina.
260 _aMadrid
_bFernando Fe
_c1894
300 _a194 p.
_bil.
_c15 cm.
500 _aEstado físico: Encuadernación desprendida
500 _aG93
650 1 4 _aPlatería española
_93072
902 _aGFM
942 _2lcc
_cB
999 _c5659
_d5659